000
00217nam a22001097a 4500
041
_a
eng
080
_a
80
100
_a
Halzey, William
245
_a
School Dictionary Macmillan
650
_a
Reference
999
_c
278105
_d
278105
942
_c
BK